| 000 | 01042nam a22002411a 4500 | ||
|---|---|---|---|
| 001 | 74283 | ||
| 003 | BD-RjUL | ||
| 005 | 20211209082530.0 | ||
| 008 | 180517s2009 bg ||||| b||| 00| 0 ben d | ||
| 020 |
_a8180641538 _cTk.300.00 |
||
| 035 | _a(BD-RjUL)74501 | ||
| 040 |
_aBD-RjUL _beng _cBD-RjUL |
||
| 041 | _aben | ||
| 082 |
_223 _a320.954 _bBHA 2009 |
||
| 245 |
_aভারতীয় রাস্ট্রচিন্তার বিকাশ ও রাজনৈতিক আন্দোলন / _cসম্পাদক ; রাধারমণ চক্রবর্তী |
||
| 260 |
_aকলকাতা : _bপ্রগ্রেসিভ পাব , _c২০০৯ |
||
| 300 |
_a৭৪৩ পৃ. ; _c২২ সেমি. |
||
| 504 | _aগ্রন্থপঞ্জি সংযোজিত | ||
| 651 |
_aএশিয়া _vরাজনীতি এবং সরকার _9221480 |
||
| 651 |
_a India _v Politics and government. _9221481 |
||
| 700 |
_aচক্রবর্তী, রাধারমণ _9221482 |
||
| 942 |
_2ddc _cBK |
||
| 999 |
_c74283 _d74283 |
||